[Event "Open"]
[Site "Frosinone ITA"]
[Date "1998.??.??"]
[Round "4"]
[White "Gorini, Alessandro"]
[Black "Gatto, Mario"]
[WhiteElo "1606"]
[BlackElo "1423"]
[Result "1-0"]
[PlyCount "101"]
[EventDate "1998.??.??"]

1. d4 g6 2. e4 Bg7 3. Nf3 d6 4. Be2 Nd7 5. O-O e5 6. d5 Ne7 7. Bg5 f6 8. Be3
O-O 9. Qd2 Nb6 10. b3 Bg4 11. Bh6 Bxf3 12. Bxf3 Nd7 13. c4 f5 14. Nc3 f4 15.
Bxg7 Kxg7 16. Bg4 g5 17. Qd3 Nf6 18. Qh3 Nxg4 19. Qxg4 Ng6 20. Qe2 Rh8 21. g3
h5 22. h3 Qf6 23. Nb5 c6 24. Na3 Rh7 25. Nc2 c5 26. Qd2 Qe7 27. a4 a5 28. Kh2
b6 29. Rg1 Rf8 30. Qd3 Rhh8 31. Raf1 Rf7 32. Qe2 g4 33. h4 fxg3+ 34. fxg3 Rhf8
35. Ne3 Kh7 36. Rf5 Rxf5 37. Nxf5 Qf6 38. Rf1 Ne7 39. Qe3 Nxf5 40. Rxf5 Qg7 41.
Rxh5+ Kg8 42. Rg5 Rf3 43. Rxg7+ Kxg7 44. Qg5+ Kf7 45. Qxg4 Rxb3 46. h5 Rb4 47.
h6 Rxc4 48. h7 Rc2+ 49. Kh3 Rc1 50. Qg8+ Ke7 51. h8=Q 1-0

[Event "Open"]
[Site "Frosinone ITA"]
[Date "1998.??.??"]
[Round "5"]
[White "Boccia, Mattia Mario"]
[Black "Agomeri, Dante"]
[WhiteElo "1516"]
[BlackElo "1711"]
[Result "0-1"]
[PlyCount "52"]
[EventDate "1998.??.??"]

1. e4 e5 2. Nf3 Nc6 3. d4 exd4 4. Nxd4 Bc5 5. Be3 Qf6 6. c3 Bb6 7. a4 a6 8. g3
Nge7 9. Bg2 d6 10. O-O Ne5 11. Na3 Qg6 12. Ndc2 Ba7 13. Bxa7 Rxa7 14. Qd4 N7c6
15. Qd2 h5 16. h4 Bg4 17. f4 Nd7 18. Qf2 O-O 19. e5 Raa8 20. exd6 Qxd6 21. Nc4
Qe6 22. N4e3 Nf6 23. Rfe1 Qb3 24. Nd4 Nxd4 25. cxd4 Rfe8 26. Bxb7 Qxb7 0-1

[Event "Open"]
[Site "Frosinone ITA"]
[Date "1998.??.??"]
[Round "5"]
[White "Bruni, Luigi"]
[Black "Maggiorino, Francesco"]
[WhiteElo "1600"]
[BlackElo "1666"]
[Result "1-0"]
[PlyCount "77"]
[EventDate "1998.??.??"]

1. d4 Nf6 2. c4 c5 3. d5 b5 4. cxb5 a6 5. Nc3 axb5 6. e4 b4 7. Nb5 d6 8. Bf4 g6
9. e5 dxe5 10. Bxe5 Na6 11. Bc4 Bg7 12. Nf3 O-O 13. O-O Ng4 14. Bxg7 Kxg7 15.
d6 e6 16. Qe2 Bb7 17. Ne5 Nf6 18. a4 Nh5 19. Qe3 Nf6 20. Nd3 Qb6 21. Qe5 Qc6
22. f3 Nb8 23. Nxc5 Nbd7 24. Nxd7 Qxd7 25. g4 h6 26. h4 Kh7 27. Qxf6 Qc6 28. b3
Rad8 29. h5 Ba6 30. hxg6+ fxg6 31. Qe7+ Kh8 32. Qxe6 Rg8 33. Qf6+ Kh7 34. Bxg8+
Rxg8 35. Rae1 Rg7 36. Re7 Rxe7 37. Qxe7+ Kg8 38. d7 Qc5+ 39. Qxc5 1-0

[Event "Open"]
[Site "Frosinone ITA"]
[Date "1998.??.??"]
[Round "5"]
[White "Carella, Vincenzo"]
[Black "Gorini, Alessandro"]
[WhiteElo "1453"]
[BlackElo "1606"]
[Result "1-0"]
[PlyCount "65"]
[EventDate "1998.??.??"]

1. a3 d5 2. c4 e6 3. Nf3 Nf6 4. g3 Be7 5. Bg2 c6 6. cxd5 exd5 7. d4 O-O 8. O-O
Bf5 9. Re1 Re8 10. Nc3 Nbd7 11. Nh4 Bg4 12. h3 Bh5 13. Nf5 Bg6 14. Nxe7+ Qxe7
15. Bg5 Qe6 16. Rc1 Qf5 17. Bh4 Ne4 18. g4 Qf4 19. Nxe4 Bxe4 20. Bg3 Qh6 21. f3
Bg6 22. h4 Qe3+ 23. Bf2 Qe6 24. h5 Be4 25. fxe4 Qxg4 26. exd5 Nf6 27. e4 Qf4
28. Qf3 Rxe4 29. Qxf4 Rxf4 30. dxc6 bxc6 31. Rxc6 Nxh5 32. Rc5 Nf6 33. Bxa8 1-0

[Event "Open"]
[Site "Frosinone ITA"]
[Date "1998.??.??"]
[Round "5"]
[White "Di Lascio, Savino"]
[Black "Passerotti, Pierluigi"]
[WhiteElo "1864"]
[BlackElo "2305"]
[Result "0-1"]
[PlyCount "44"]
[EventDate "1998.??.??"]

1. Nf3 f5 2. g3 Nf6 3. c4 g6 4. b4 d6 5. Bb2 e5 6. d3 Bg7 7. Bg2 O-O 8. Qb3 Qe8
9. Nbd2 a5 10. b5 a4 11. Qc2 h6 12. Rc1 Nbd7 13. Ba3 g5 14. O-O e4 15. dxe4
fxe4 16. Ne1 e3 17. Ne4 Nxe4 18. Bxe4 exf2+ 19. Rxf2 Bd4 20. Bh7+ Kg7 21. Nd3
Kxh7 22. Nf4+ Kg7 0-1

[Event "Open"]
[Site "Frosinone ITA"]
[Date "1998.??.??"]
[Round "5"]
[White "Gatto, Mario"]
[Black "Cristofari, Mario"]
[WhiteElo "1423"]
[BlackElo "1746"]
[Result "1-0"]
[PlyCount "39"]
[EventDate "1998.??.??"]

1. d4 d5 2. h3 e6 3. Bf4 c5 4. c3 Nc6 5. e3 a6 6. Nf3 Nf6 7. Nbd2 c4 8. Be2 Bd6
9. Bxd6 Qxd6 10. O-O b5 11. b4 a5 12. a4 axb4 13. axb5 Rxa1 14. Qxa1 bxc3 15.
Nxc4 dxc4 16. bxc6 Qxc6 17. Qxc3 Ba6 18. Nd2 Nd5 19. Qa3 Kd7 20. Ne4 1-0

[Event "Open"]
[Site "Frosinone ITA"]
[Date "1998.??.??"]
[Round "6"]
[White "Bruni, Luigi"]
[Black "Boccia, Mattia Mario"]
[WhiteElo "1600"]
[BlackElo "1516"]
[Result "1-0"]
[PlyCount "84"]
[EventDate "1998.??.??"]

1. d4 d5 2. c4 c6 3. Nf3 Nf6 4. Nc3 a6 5. a4 e6 6. Bg5 Nbd7 7. e3 Be7 8. Bd3
O-O 9. O-O h6 10. Bh4 Qc7 11. Rc1 Re8 12. Qe2 dxc4 13. Bxc4 Nb6 14. Ba2 Nbd5
15. Bg3 Qa5 16. Qc4 Nxc3 17. bxc3 Bd7 18. Nd2 Qd5 19. f3 Qg5 20. Bf4 Qh5 21. e4
b5 22. axb5 cxb5 23. Qc7 Rec8 24. Qa5 Bc6 25. Bg3 g5 26. c4 g4 27. e5 bxc4 28.
Nxc4 Nd5 29. Nb6 Bb4 30. Nxd5 Bxa5 31. Nf6+ Kf8 32. Nxh5 gxf3 33. gxf3 Bb6 34.
Rcd1 Ba4 35. Rd2 Rd8 36. Bf2 Bc6 37. Kg2 Ba5 38. Rb2 Bb5 39. Rc1 Rab8 40. Bc4
Rbc8 41. Rbc2 Ba4 42. Ra2 Bb5 1-0

[Event "Open"]
[Site "Frosinone ITA"]
[Date "1998.??.??"]
[Round "6"]
[White "Cristofari, Mario"]
[Black "Di Lascio, Savino"]
[WhiteElo "1746"]
[BlackElo "1864"]
[Result "1-0"]
[PlyCount "111"]
[EventDate "1998.??.??"]

1. d4 Nf6 2. c4 e6 3. Nf3 b6 4. Nc3 Bb7 5. Bg5 Be7 6. e3 O-O 7. Bd3 d5 8. O-O
Nbd7 9. cxd5 exd5 10. Rc1 c5 11. Bb1 h6 12. Bh4 g5 13. Bg3 Nh5 14. Qd3 Ndf6 15.
Ne5 Ne4 16. f3 Nhxg3 17. hxg3 cxd4 18. exd4 f6 19. fxe4 dxe4 20. Nxe4 fxe5 21.
Nd6 e4 22. Qc4+ Kh8 23. Nxb7 Qb8 24. Qc7 Rxf1+ 25. Kxf1 Qf8+ 26. Kg1 Qg7 27.
Qd7 e3 28. Re1 Bf6 29. Qxg7+ Kxg7 30. Nd6 Kf8 31. Nf5 Rc8 32. Kf1 Rc6 33. Rxe3
g4 34. Rc3 Re6 35. Rc8+ Re8 36. Rxe8+ Kxe8 37. Ke2 h5 38. Kd3 Kd7 39. Ke4 a6
40. Bc2 Bd8 41. Bb3 b5 42. Bf7 a5 43. b3 a4 44. Bxh5 axb3 45. axb3 Ba5 46. Bxg4
Kc6 47. Bh5 Bd8 48. Be8+ Kb6 49. g4 Bg5 50. Nd6 b4 51. Nf7 Bf6 52. g5 Bg7 53.
Nd6 Kc7 54. Nf5 Bf8 55. g6 Kd8 56. Bb5 1-0

[Event "Open"]
[Site "Frosinone ITA"]
[Date "1998.??.??"]
[Round "6"]
[White "Gatto, Mario"]
[Black "Roccatani, Raffaele"]
[WhiteElo "1423"]
[BlackElo "1633"]
[Result "1-0"]
[PlyCount "55"]
[EventDate "1998.??.??"]

1. d4 Nf6 2. a3 g6 3. c4 Bg7 4. Nc3 d5 5. c5 O-O 6. Nf3 Bf5 7. e3 c6 8. Bd3
Bxd3 9. Qxd3 Nbd7 10. O-O Qc7 11. b4 a6 12. Bb2 Rfe8 13. Qc2 e5 14. dxe5 Ng4
15. Ne2 Ngxe5 16. Nxe5 Nxe5 17. Bd4 h5 18. h3 Qe7 19. f4 Nc4 20. Bxg7 Kxg7 21.
Qc3+ Kg8 22. Rf3 Nxe3 23. Ng3 Nc4 24. Nxh5 Ne5 25. fxe5 gxh5 26. Rf5 Qh4 27.
Raf1 Re7 28. R1f4 1-0

[Event "Open"]
[Site "Frosinone ITA"]
[Date "1998.??.??"]
[Round "6"]
[White "Maggiorino, Francesco"]
[Black "Gorini, Alessandro"]
[WhiteElo "1666"]
[BlackElo "1606"]
[Result "0-1"]
[PlyCount "96"]
[EventDate "1998.??.??"]

1. e4 c5 2. Nf3 d6 3. d4 cxd4 4. Nxd4 Nf6 5. Nc3 a6 6. Bg5 e5 7. Nb3 Be7 8.
Bxf6 Bxf6 9. Bd3 Nc6 10. O-O O-O 11. Nd5 Be6 12. c4 a5 13. a4 Nb4 14. Nxb4 axb4
15. Qe1 Be7 16. Nd2 Qb6 17. b3 Qd4 18. Qe2 f5 19. Nf3 Qc5 20. exf5 Bxf5 21.
Bxf5 Rxf5 22. Qe4 Qc8 23. Nd4 Rf7 24. Nb5 Bf8 25. Rad1 Ra6 26. Rd5 Rf6 27. Rfd1
Qc6 28. Qe1 Qb6 29. Qd2 g6 30. Rf1 Be7 31. Qxb4 Rf4 32. Qc3 Ra8 33. g3 Rf5 34.
Rd2 Raf8 35. Qd3 Rf3 36. Qb1 d5 37. cxd5 Bc5 38. Qb2 e4 39. b4 Be3 40. Re2 Bh6
41. Kg2 e3 42. Nd4 Bg7 43. Nxf3 Bxb2 44. Rxb2 Qf6 45. Re2 Qxf3+ 46. Kg1 Qxe2
47. f4 Rc8 48. d6 Rc2 0-1

[Event "Open"]
[Site "Frosinone ITA"]
[Date "1998.??.??"]
[Round "6"]
[White "Passerotti, Pierluigi"]
[Black "Carella, Vincenzo"]
[WhiteElo "2305"]
[BlackElo "1453"]
[Result "1-0"]
[PlyCount "87"]
[EventDate "1998.??.??"]

1. d4 d5 2. Nf3 Nf6 3. c4 c6 4. Nc3 g6 5. Bf4 Bg7 6. e3 Qa5 7. Qb3 O-O 8. Rc1
Nbd7 9. h3 Re8 10. Bh2 e6 11. Be2 dxc4 12. Bxc4 b5 13. Be2 Bb7 14. O-O Rac8 15.
Ng5 a6 16. Nce4 Nxe4 17. Nxe4 Bf8 18. Nd6 Bxd6 19. Bxd6 Nf6 20. Bf3 Rcd8 21.
Bg3 Rc8 22. Rc2 Qb6 23. Rfc1 a5 24. a3 Nd5 25. Rc5 Qd8 26. Qc2 Qd7 27. h4 f5
28. Be5 Rf8 29. g3 h5 30. Be2 Nb6 31. Qd2 Na4 32. R5c2 Qd5 33. e4 Qd7 34. Qg5
Qh7 35. Bxb5 Nxb2 36. Bxc6 Nd3 37. Bxb7 Rxc2 38. Rxc2 Nxe5 39. dxe5 Qxb7 40.
Qxg6+ Qg7 41. Qxe6+ Kh7 42. exf5 Rb8 43. Kh2 Rb5 44. f6 1-0

[Event "Open"]
[Site "Frosinone ITA"]
[Date "1998.??.??"]
[Round "7"]
[White "Agomeri, Dante"]
[Black "Passerotti, Pierluigi"]
[WhiteElo "1711"]
[BlackElo "2305"]
[Result "0-1"]
[PlyCount "84"]
[EventDate "1998.??.??"]

1. b3 e5 2. Bb2 Nc6 3. c4 f5 4. e3 d6 5. Nf3 Nf6 6. Be2 g6 7. d3 Bg7 8. Qd2 Be6
9. Bc3 Qe7 10. Qb2 h6 11. Na3 g5 12. Nc2 Bg8 13. Nd2 Bh7 14. b4 Nd8 15. Nb3 O-O
16. O-O-O Re8 17. g3 c6 18. Rde1 Nf7 19. f4 Rad8 20. h4 g4 21. Nd2 d5 22. d4
exf4 23. gxf4 Nd6 24. Bd3 Kh8 25. Re2 Bg8 26. Na3 b6 27. Rhh2 Rb8 28. cxd5 Bxd5
29. Nac4 g3 30. Rhg2 Nxc4 31. Nxc4 Bxg2 32. Ne5 Be4 33. Ng6+ Kh7 34. Nxe7 Rxe7
35. Bxe4 Nxe4 36. Rg2 Rg8 37. Be1 c5 38. bxc5 bxc5 39. Qb5 Bf6 40. dxc5 a6 41.
Qd3 Rc7 42. Kd1 Rd8 0-1

[Event "Open"]
[Site "Frosinone ITA"]
[Date "1998.??.??"]
[Round "7"]
[White "Boccia, Mattia Mario"]
[Black "Maggiorino, Francesco"]
[WhiteElo "1516"]
[BlackElo "1666"]
[Result "1/2-1/2"]
[PlyCount "101"]
[EventDate "1998.??.??"]

1. e4 e5 2. Nf3 Nc6 3. d4 exd4 4. Nxd4 Qf6 5. Be3 Bc5 6. c3 Nge7 7. Bc4 O-O 8.
O-O a6 9. Nc2 Ba7 10. Bxa7 Rxa7 11. f4 d6 12. Ne3 b5 13. Bd5 Nxd5 14. Nxd5 Qg6
15. Qd3 f5 16. Nd2 fxe4 17. Qxe4 Bf5 18. Nf6+ Rxf6 19. Qxc6 Qf7 20. Qf3 d5 21.
Rae1 c6 22. Re5 Ra8 23. Qe3 Re6 24. Re1 Rxe5 25. Qxe5 Rf8 26. Qd6 Re8 27. Re5
Rxe5 28. fxe5 Qe6 29. Qxe6+ Bxe6 30. Kf2 Kf7 31. Ke3 a5 32. Nb3 a4 33. Nd4 Bd7
34. Ne2 c5 35. Kf4 h6 36. h4 Ke6 37. a3 g5+ 38. hxg5 hxg5+ 39. Kxg5 Kxe5 40.
Kh4 d4 41. cxd4+ cxd4 42. Kg3 d3 43. Nc3 Kd4 44. Kf2 b4 45. axb4 a3 46. Ke1
axb2 47. Kd2 Kc4 48. Nb1 Bf5 49. b5 Kxb5 50. Kc3 d2 51. Nxd2 1/2-1/2

[Event "Open"]
[Site "Frosinone ITA"]
[Date "1998.??.??"]
[Round "7"]
[White "Carella, Vincenzo"]
[Black "Cristofari, Mario"]
[WhiteElo "1453"]
[BlackElo "1746"]
[Result "1-0"]
[PlyCount "90"]
[EventDate "1998.??.??"]

1. a3 d5 2. d4 Bf5 3. Nf3 Nf6 4. Nc3 h6 5. Bf4 Nh5 6. Bd2 e6 7. g3 Nd7 8. b4
Nhf6 9. Bg2 Nb6 10. O-O Nc4 11. Bf4 g5 12. Bc1 Be7 13. Re1 Qd7 14. Ne5 Nxe5 15.
dxe5 Ng4 16. e4 dxe4 17. Qxd7+ Kxd7 18. Nxe4 Nxe5 19. Bb2 Bxe4 20. Bxe4 f6 21.
Rad1+ Bd6 22. f4 gxf4 23. gxf4 Rhg8+ 24. Kh1 Ng4 25. Re2 h5 26. c4 Kc8 27. h3
Nh6 28. Bxf6 Bxf4 29. Bh7 Rf8 30. Rxe6 a5 31. b5 Kb8 32. c5 Nf7 33. c6 bxc6 34.
bxc6 Nd6 35. Rb1+ Kc8 36. Bd3 Rg8 37. Rbe1 Kb8 38. Be7 Ka7 39. Bf6 Raf8 40.
Bd4+ Ka8 41. Bc5 Rg3 42. Bf1 Rfg8 43. Re7 R3g7 44. Rxg7 Rxg7 45. Re6 Rg8 1-0

[Event "Open"]
[Site "Frosinone ITA"]
[Date "1998.??.??"]
[Round "7"]
[White "Di Lascio, Savino"]
[Black "Bruni, Luigi"]
[WhiteElo "1864"]
[BlackElo "1600"]
[Result "1-0"]
[PlyCount "67"]
[EventDate "1998.??.??"]

1. Nf3 Nf6 2. g3 g6 3. Bg2 Bg7 4. O-O O-O 5. d3 d5 6. Nbd2 Nbd7 7. e4 e5 8. c3
c6 9. Qc2 Re8 10. Rb1 dxe4 11. dxe4 Nc5 12. Ne1 Bg4 13. f3 Be6 14. b4 Na6 15.
Nd3 Qc7 16. a4 Rac8 17. Nb3 Bc4 18. Rd1 b6 19. Nb2 Be6 20. Bf1 Nb8 21. Be3 Nh5
22. c4 f5 23. c5 f4 24. Bf2 fxg3 25. hxg3 Qf7 26. Nc4 Bf8 27. cxb6 axb6 28.
Nxb6 Rcd8 29. b5 cxb5 30. Bxb5 Rxd1+ 31. Qxd1 Re7 32. Nc5 Ba2 33. Rb2 Nf6 34.
Rxa2 1-0

[Event "Open"]
[Site "Frosinone ITA"]
[Date "1998.??.??"]
[Round "7"]
[White "Gorini, Alessandro"]
[Black "Roccatani, Raffaele"]
[WhiteElo "1606"]
[BlackElo "1633"]
[Result "1-0"]
[PlyCount "67"]
[EventDate "1998.??.??"]

1. d4 Nf6 2. c4 e6 3. Nc3 d5 4. Nf3 Nbd7 5. Bg5 c6 6. e3 Qa5 7. c5 Ne4 8. Qc2
Nxg5 9. Nxg5 e5 10. Qf5 Nf6 11. Qxe5+ Be7 12. Bd3 h6 13. Nf3 Be6 14. Bf5 Bxf5
15. Qxf5 Ne4 16. O-O Nxc3 17. bxc3 Qc7 18. Rfb1 O-O 19. a4 b6 20. cxb6 axb6 21.
Ne5 Ra6 22. Qd7 Bd6 23. Qxc7 Bxc7 24. Nxc6 Rfa8 25. Ne7+ Kf8 26. Nxd5 Bd8 27.
g3 Ke8 28. Rb4 Kd7 29. c4 Kc6 30. Nc3 Be7 31. Rb5 g6 32. Rab1 f5 33. Nd5 Bd8
34. Nb4+ 1-0

[Event "Open"]
[Site "Frosinone ITA"]
[Date "1998.??.??"]
[Round "8"]
[White "Carella, Vincenzo"]
[Black "Gatto, Mario"]
[WhiteElo "1453"]
[BlackElo "1423"]
[Result "1-0"]
[PlyCount "69"]
[EventDate "1998.??.??"]

1. a3 g6 2. c4 Bg7 3. d4 d6 4. Nc3 Nd7 5. g3 e5 6. e3 Ne7 7. Bg2 f5 8. dxe5
Bxe5 9. Nd5 c6 10. Nxe7 Qxe7 11. Nf3 O-O 12. O-O Kh8 13. Re1 Qf6 14. Nxe5 dxe5
15. Bd2 Kg8 16. b4 Qe6 17. b5 Nc5 18. Bb4 b6 19. bxc6 e4 20. Qd5 Re8 21. Bxc5
bxc5 22. Bf1 Ba6 23. Red1 Rac8 24. Qxc5 Rxc6 25. Qxa7 Re7 26. Rd8+ Kg7 27. Qd4+
Kf7 28. Qh8 Qe5 29. Rf8+ Ke6 30. Qg8+ Kd6 31. Rd1+ Kc7 32. Ra8 Rd6 33. Qb8+ Kd7
34. Qd8+ Ke6 35. Rxd6+ 1-0

[Event "Open"]
[Site "Frosinone ITA"]
[Date "1998.??.??"]
[Round "8"]
[White "Maggiorino, Francesco"]
[Black "Di Lascio, Savino"]
[WhiteElo "1666"]
[BlackElo "1864"]
[Result "0-1"]
[PlyCount "104"]
[EventDate "1998.??.??"]

1. e4 c6 2. d4 d5 3. Nd2 dxe4 4. Nxe4 Nf6 5. Nxf6+ gxf6 6. c3 Bf5 7. Nf3 Qc7 8.
Bc4 Nd7 9. Be3 e6 10. Nh4 Nb6 11. Bb3 Be4 12. Qe2 O-O-O 13. f3 Bg6 14. O-O-O
Bd6 15. Nxg6 hxg6 16. g3 Rh7 17. f4 f5 18. h4 Nd5 19. Bf2 Nf6 20. Bxe6+ fxe6
21. Qxe6+ Nd7 22. Qxg6 Bxf4+ 23. Kb1 Rh6 24. Qxf5 Bxg3 25. Bxg3 Qxg3 26. Rdg1
Qe3 27. Re1 Qd2 28. Rd1 Qe2 29. Rde1 Qh5 30. Qh3 Rdh8 31. Re7 Qd5 32. Re5 Qf7
33. h5 Rf8 34. Rhe1 Kc7 35. Re7 Qf5+ 36. Qxf5 Rxf5 37. Rg1 Rhxh5 38. c4 Rf2 39.
c5 Rd2 40. a3 Rxd4 41. Rg8 Rxc5 42. b4 Rcd5 43. Ree8 Rd2 44. Rc8+ Kb6 45. a4
Ne5 46. Rb8 Nc4 47. Rg7 Nd6 48. a5+ Ka6 49. Rc7 Rf5 50. Rxc6+ bxc6 51. Rb6+
axb6 52. Kc1 Nc4 0-1

[Event "Open"]
[Site "Frosinone ITA"]
[Date "1998.??.??"]
[Round "8"]
[White "Passerotti, Pierluigi"]
[Black "Gorini, Alessandro"]
[WhiteElo "2305"]
[BlackElo "1606"]
[Result "1/2-1/2"]
[PlyCount "82"]
[EventDate "1998.??.??"]

1. d4 d5 2. c4 e6 3. Nc3 Nf6 4. Bg5 Nbd7 5. e3 Be7 6. Rc1 c6 7. Nf3 O-O 8. a3
Re8 9. Bd3 dxc4 10. Bxc4 Nd5 11. Bxe7 Nxe7 12. O-O Ng6 13. Ne4 Nf6 14. Ng3 Nd5
15. e4 Nf6 16. e5 Nd5 17. Ne4 Rf8 18. Ba2 Qb6 19. Rc2 Qd8 20. Re1 Nh4 21. Nxh4
Qxh4 22. g3 Qh6 23. f4 Qg6 24. Rg2 Rd8 25. Bb1 f5 26. exf6 Nxf6 27. Ng5 Qe8 28.
f5 Rd6 29. Ba2 Nd5 30. Qe2 h6 31. Nxe6 Bxe6 32. fxe6 Qe7 33. Rf2 Re8 34. Rf7
Qxe6 35. Qxe6 Rdxe6 36. Rxe6 Kxf7 37. Rd6 Ke7 38. Rg6 Kf7 39. Rd6 Ke7 40. Rg6
Kf7 41. Rd6 Ke7 1/2-1/2

[Event "X Festival A"]
[Site "Lucca ITA"]
[Date "1998.10.??"]
[Round "?"]
[White "Metrangolo, Antonio"]
[Black "Mola, Pietro"]
[Result "0-1"]
[WhiteElo "1969"]
[BlackElo "2205"]
[PlyCount "108"]
[EventDate "1998.10.10"]

1. Nf3 Nf6 2. g3 d5 3. Bg2 c6 4. O-O Bg4 5. c4 e6 6. b3 Nbd7 7. Bb2 Bd6 8. d3
O-O 9. Nbd2 Qe7 10. Rc1 e5 11. h3 Bh5 12. e4 dxe4 13. dxe4 a5 14. Qc2 Bc5 15.
Rfe1 Rfe8 16. Nf1 Qd8 17. Ne3 Qc7 18. Rf1 Rad8 19. Ne1 Qb6 20. Nf5 Bg6 21. Rd1
Bxf5 22. exf5 Bd4 23. Nf3 Bxb2 24. Qxb2 e4 25. Nd4 Ne5 26. Qc3 Qc5 27. Qe3 Nd3
28. Ne2 Qxf5 29. Nc3 Nc5 30. Rd4 Rxd4 31. Qxd4 Ne6 32. Qe3 Ng5 33. Kh2 h5 34.
Rd1 h4 35. g4 Qe5+ 36. Kg1 Ne6 37. Nxe4 Nxe4 38. Qxe4 Qxe4 39. Bxe4 Nc5 40. Bg2
Kf8 41. Kf1 Ke7 42. Rd2 Ne6 43. Re2 Kd7 44. Re5 Nd4 45. Rxe8 Kxe8 46. Be4 Ne6
47. a3 Nf4 48. b4 axb4 49. axb4 Nxh3 50. c5 Ng5 51. Bf5 Kd8 52. f4 Nh3 53. Ke2
Nxf4+ 54. Ke3 g5 0-1

[Event "X Festival A"]
[Site "Lucca ITA"]
[Date "1998.10.??"]
[Round "?"]
[White "Mola, Pietro"]
[Black "Beggi, Pierluigi"]
[Result "1-0"]
[WhiteElo "2205"]
[BlackElo "2205"]
[PlyCount "59"]
[EventDate "1998.10.10"]

1. e4 c5 2. Nf3 Nf6 3. e5 Nd5 4. Nc3 e6 5. Nxd5 exd5 6. d4 Nc6 7. c3 d6 8. exd6
Bxd6 9. dxc5 Bxc5 10. Bd3 Bg4 11. Qe2+ Qe7 12. Qxe7+ Bxe7 13. Be3 Bxf3 14. gxf3
O-O 15. O-O-O Bf6 16. Bb5 Rfd8 17. Bc5 Rac8 18. Kb1 a6 19. Ba4 b5 20. Bc2 Rb8
21. Rhe1 b4 22. cxb4 d4 23. a3 a5 24. Be4 Rdc8 25. Bd6 Rb6 26. Bf5 Ra8 27. Bc5
Rbb8 28. Be4 axb4 29. Bxc6 bxa3 30. Bxa8 1-0

[Event "XIX Moglianoscacchi Magistrale"]
[Site "Mogliano Veneto ITA"]
[Date "1998.??.??"]
[Round "?"]
[White "Bracaglia, Carlo"]
[Black "Dorigo, Tommaso"]
[Result "0-1"]
[WhiteElo "2120"]
[BlackElo "1800"]
[PlyCount "102"]
[EventDate "1998.??.??"]

1. e4 Nf6 2. e5 Nd5 3. d4 d6 4. Nf3 Bg4 5. Be2 e6 6. O-O Be7 7. c4 Nb6 8. Be3
O-O 9. Nbd2 Nc6 10. exd6 cxd6 11. Rc1 Bf5 12. a3 a5 13. b3 d5 14. c5 Nc8 15.
Nb1 Bf6 16. Nc3 N8e7 17. Bf4 Bg4 18. Nb5 Nf5 19. Bd6 Nxd6 20. Nxd6 Bxf3 21.
Bxf3 Bxd4 22. b4 Bb2 23. b5 Bxc1 24. Qxc1 Nd4 25. Nxb7 Qb8 26. c6 Nxb5 27. Qc5
Nc7 28. Be2 Na6 29. Qxa5 Qc7 30. Qc3 Rfc8 31. Rc1 Qb6 32. Nd6 Rd8 33. Bxa6 Qxa6
34. c7 Qxd6 35. cxd8=Q+ Qxd8 36. Qc5 g6 37. Rc3 Qa5 38. Qc6 Qa4 39. Qxa4 Rxa4
40. g3 Kg7 41. f4 Kf6 42. Kg2 Kf5 43. Kf3 h5 44. h3 g5 45. fxg5 Kxg5 46. Rd3
Kf5 47. Ke3 f6 48. Kf3 d4 49. g4+ hxg4+ 50. hxg4+ Ke5 51. Rb3 Kd5 0-1

[Event "XIX Moglianoscacchi Magistrale"]
[Site "Mogliano Veneto ITA"]
[Date "1998.??.??"]
[Round "?"]
[White "Dorigo, Tommaso"]
[Black "Caruso, Augusto"]
[Result "1/2-1/2"]
[WhiteElo "1800"]
[BlackElo "2275"]
[PlyCount "29"]
[EventDate "1998.??.??"]

1. e4 e5 2. Nf3 Nc6 3. d4 exd4 4. Nxd4 Nf6 5. Nxc6 bxc6 6. Nc3 Bb4 7. Bd3 d5 8.
exd5 cxd5 9. O-O O-O 10. Bg5 Bd6 11. Qf3 c6 12. Ne2 Re8 13. Nd4 c5 14. Nf5 Be5
15. Rfe1 1/2-1/2

[Event "XIX Moglianoscacchi Magistrale"]
[Site "Mogliano Veneto ITA"]
[Date "1998.??.??"]
[Round "?"]
[White "Dorigo, Tommaso"]
[Black "Fabris, Alberto"]
[Result "1/2-1/2"]
[WhiteElo "1800"]
[BlackElo "2225"]
[PlyCount "39"]
[EventDate "1998.??.??"]

1. e4 c5 2. c3 d5 3. exd5 Qxd5 4. d4 Nc6 5. Nf3 cxd4 6. cxd4 Bg4 7. Be2 e6 8.
O-O Nf6 9. h3 Bh5 10. Nc3 Qd6 11. Be3 Be7 12. Qb3 O-O 13. Rfd1 Rfd8 14. a3 Rac8
15. Rac1 Qb8 16. d5 Nxd5 17. Nxd5 exd5 18. Rxd5 Rxd5 19. Qxd5 Bg6 20. b4
1/2-1/2

[Event "XIX Moglianoscacchi Magistrale"]
[Site "Mogliano Veneto ITA"]
[Date "1998.??.??"]
[Round "?"]
[White "Klundt, Klaus"]
[Black "Dorigo, Tommaso"]
[Result "1-0"]
[WhiteElo "2375"]
[BlackElo "1800"]
[PlyCount "67"]
[EventDate "1998.??.??"]

1. e4 Nf6 2. e5 Nd5 3. d4 d6 4. Nf3 Bg4 5. Be2 e6 6. O-O Be7 7. h3 Bh5 8. c4
Nb6 9. Nc3 O-O 10. Be3 d5 11. c5 Bxf3 12. gxf3 Nc8 13. f4 Nc6 14. b4 Bh4 15.
Kh2 f5 16. Rg1 N8e7 17. Rg2 Nxb4 18. Qb3 Nbc6 19. Rag1 Rf7 20. Qxb7 Rb8 21. Qa6
Qc8 22. Qa4 Rb4 23. Qd1 g6 24. Bb5 Rg7 25. a3 Rb2 26. Qa4 Qb7 27. Rf1 Kh8 28.
Bc1 Nxd4 29. Bxb2 Nf3+ 30. Kh1 c6 31. Qd1 d4 32. Be2 Qxb2 33. Na4 Qxa3 34. Bxf3
1-0

[Event "XIX Moglianoscacchi Magistrale"]
[Site "Mogliano Veneto ITA"]
[Date "1998.??.??"]
[Round "1"]
[White "Illijin, Neboisa"]
[Black "Oppici, Gabriele"]
[Result "1-0"]
[WhiteElo "2270"]
[BlackElo "2095"]
[PlyCount "79"]
[EventDate "1998.??.??"]

1. e4 Nc6 2. Nf3 d6 3. d4 Nf6 4. Nc3 Bg4 5. Bb5 a6 6. Bxc6+ bxc6 7. h3 Bh5 8.
Qd3 e6 9. Bg5 Be7 10. O-O O-O 11. Rfe1 h6 12. Bh4 Bg6 13. Bxf6 Bxf6 14. Qc4 Qd7
15. Rad1 Rfb8 16. b3 a5 17. Ne5 Bxe5 18. dxe5 Rb4 19. Qc5 d5 20. a3 Rbb8 21. f4
Qd8 22. f5 exf5 23. exd5 Bh5 24. Rd2 Qg5 25. Rf2 Re8 26. Qxc6 Rad8 27. Qc4 Bg6
28. Nb5 c6 29. Qxc6 Rc8 30. Nc7 Qg3 31. d6 Rxe5 32. Rxe5 Qxe5 33. Qd5 Qe1+ 34.
Rf1 Qe3+ 35. Kh2 f4 36. Rf3 Qb6 37. c4 Rxc7 38. dxc7 Qxc7 39. c5 Bh7 40. Qa8+
1-0

[Event "XIX Moglianoscacchi Magistrale"]
[Site "Mogliano Veneto ITA"]
[Date "1998.??.??"]
[Round "1"]
[White "Mufic, Goran"]
[Black "Negro, Roberto"]
[Result "1-0"]
[WhiteElo "2345"]
[BlackElo "2148"]
[PlyCount "37"]
[EventDate "1998.??.??"]

1. d4 Nc6 2. e4 e5 3. dxe5 Nxe5 4. Nf3 Bb4+ 5. Nbd2 Qf6 6. Nxe5 Qxe5 7. Bd3 Ne7
8. O-O d6 9. Nb3 Bd7 10. f4 Qe6 11. a3 Bc5+ 12. Nxc5 dxc5 13. Qe2 O-O-O 14. Bc4
Qg6 15. f5 Qf6 16. e5 Qc6 17. e6 fxe6 18. fxe6 Be8 19. Bg5 1-0

[Event "XIX Moglianoscacchi Magistrale"]
[Site "Mogliano Veneto ITA"]
[Date "1998.??.??"]
[Round "2"]
[White "Caruso, Augusto"]
[Black "Ciampi, Vincenzo"]
[Result "0-1"]
[WhiteElo "2275"]
[BlackElo "2155"]
[PlyCount "122"]
[EventDate "1998.??.??"]

1. e4 c5 2. Nf3 e6 3. Nc3 a6 4. d4 cxd4 5. Nxd4 Qc7 6. g3 Bb4 7. Nde2 Nf6 8.
Bg2 Be7 9. O-O O-O 10. b3 Nc6 11. a4 Rb8 12. Bb2 b5 13. axb5 axb5 14. Nf4 b4
15. Nce2 Bb7 16. Nc1 Ne5 17. Ncd3 Nxd3 18. cxd3 d6 19. Re1 e5 20. Nd5 Bxd5 21.
exd5 Rb5 22. d4 e4 23. Qe2 Qb7 24. Bf1 Rb6 25. f3 Qxd5 26. Qc4 Qf5 27. fxe4
Nxe4 28. Qc2 d5 29. Bd3 Re6 30. Qg2 Bf6 31. Ra5 Rfe8 32. Rf1 Qg5 33. Rf4 Nc3
34. Bxc3 bxc3 35. Rxd5 Re1+ 36. Kf2 c2 37. Rxg5 c1=Q 38. Qd5 Qd2+ 39. Kf3 Qxd3+
40. Kg4 Qe2+ 41. Kh3 Qe6+ 42. Qxe6 R8xe6 43. Rb5 h6 44. d5 Rd6 45. Rf3 Re4 46.
b4 Rd4 47. Rb8+ Rd8 48. Rb7 R8xd5 49. Rb3 Rd3 50. Rb1 Rd1 51. Rb8+ Kh7 52. Rxd1
Rxd1 53. Rb7 Kg6 54. b5 Rb1 55. Kg4 Rb2 56. h3 h5+ 57. Kf3 Rb3+ 58. Kg2 Be5 59.
g4 hxg4 60. hxg4 Rg3+ 61. Kh1 Rxg4 0-1